000 00685nam a2200301Ia 4500
005 20260401122437.0
008 008 250103s9999 xx 000 0 eng d
020 _a9781781680193
037 _aTB
040 _aEDL
040 _beng
040 _cEDL
041 _2eng
041 _aeng
084 _a973.93ZIZ
084 _qEDL
100 _aZizek, Slavoj
245 0 _aWelcome to the desert of the real: Five essays on September 11 and related dates
245 0 _cZizek, Slavoj
260 _aLondon
260 _bVerso
260 _c2012
300 _a198p
942 _cTB
942 _h973.93ZIZ
999 _c1847319
_d1847319